| 000 | 01091nam a22003017a 4500 | ||
|---|---|---|---|
| 001 | 5205 | ||
| 003 | FISKH | ||
| 005 | 20250820100713.0 | ||
| 008 | 241119b cb ||||| |||| 00| 0 eng d | ||
| 020 | _a9780448447216 | ||
| 040 |
_aFISKH _beng _cFISKH _dFISKH |
||
| 050 | _aGV865.R6 | ||
| 082 | _a796.357092 | ||
| 100 |
_aPrince, Jone April _d(1975-) |
||
| 245 |
_aJackie Robinson he led the way / _cby April Jones Prince illustrated by Robert Casilla and with photographs |
||
| 250 | _aFirst published in 2008 | ||
| 260 |
_aNew York : _bPenguin, _c2008. |
||
| 300 |
_a48 page : _bcolor illustrations ; _c23 cm |
||
| 505 | _aN | ||
| 520 | _aTraces the life of the first black Major League baseball player of the modern era, detailing his childhood, his career as an MVP-award winning baseball player, and a hero of the civil rights movement. | ||
| 521 | 8 |
_a530
_bLexile |
|
| 521 | 8 |
_aN
_bRaz-Plus |
|
| 650 |
_2BiographyGuided _aBlack history |
||
| 650 |
_2Chapter book _aReading level K |
||
| 700 |
_aCasilla, Robert _dIllustrator |
||
| 942 |
_2ddc _cBK _n0 |
||
| 999 |
_c5205 _d5205 |
||